Thevidissikkili (Record no. 54138)

MARC details
000 -LEADER
fixed length control field 00385nam a2200133Ia 4500
008 - FIXED-LENGTH DATA ELEMENTS--GENERAL INFORMATION
fixed length control field 211109s9999||||xx |||||||||||||| ||und||
082 ## - DEWEY DECIMAL CLASSIFICATION NUMBER
Classification number 894.8123
Item number MUK.M
100 ## - MAIN ENTRY--PERSONAL NAME
Personal name Mukundan, M
245 #0 - TITLE STATEMENT
Title Thevidissikkili
260 ## - PUBLICATION, DISTRIBUTION, ETC.
Name of publisher, distributor, etc. CURRENT BOOKS
Place of publication, distribution, etc. Kottayam
Date of publication, distribution, etc. 1998
630 ## - SUBJECT ADDED ENTRY--UNIFORM TITLE
General subdivision General Stack
650 ## - SUBJECT ADDED ENTRY--TOPICAL TERM
Topical term or geographic name entry element Literature & rhetoric
942 ## - ADDED ENTRY ELEMENTS (KOHA)
Koha item type BOOK
650 ## - SUBJECT ADDED ENTRY--TOPICAL TERM
Form subdivision malayalam literature
General subdivision malayalam storiesMalayalam
Holdings
Withdrawn status Lost status Damaged status Not for loan Home library Current library Date acquired Cost, normal purchase price Total Checkouts Full call number Barcode Shelving location Date last seen Price effective from Koha item type
        SB LIBRARY SB LIBRARY 09/11/2021 28.00   894.8123 MUK.M 00096523 GENERAL STACK 09/11/2021 09/11/2021 BOOK

Powered by Koha